Die Reliefs und Malereien des mittleren Reiches (VII.--XVII. Dynastie ca 2475--l580 v. Chr.) : Material zur ägyptischen Kulturgeschichte /

Bibliographic Details
Main Author: Klebs, Luise Sigwart, 1865-1931
Format: Book
Language:German
Published: Heidelberg : C. Winters Universitätsbuchhandlung, 1922.
Series:Abhandlungen der Heidelberger Akademie der Wissenschaften, Philosophisch-Historische Klasse ; 6. abhandlung.
Subjects:

MARC

Tag First Indicator Second Indicator Subfields
LEADER 00000cam a2200000 i 4500
001 in00000033228
005 20151007060533.0
008 770216s1922 gw a 00110 ger d
035 |a (OCoLC)02743495 
035 |9 AAC1081AM 
040 |a EXN  |c EXN  |d m/c  |d TXA  |d UtOrBLW 
049 |a TXAM  |c [A11677435] 
050 4 |a AS182  |b .H435 1922, Abh.6 
100 1 |a Klebs, Luise Sigwart,  |d 1865-1931. 
245 1 4 |a Die Reliefs und Malereien des mittleren Reiches (VII.--XVII. Dynastie ca 2475--l580 v. Chr.) :  |b Material zur ägyptischen Kulturgeschichte /  |c von Luise Klebs ; mit 132 Textabbildungen. 
264 1 |a Heidelberg :  |b C. Winters Universitätsbuchhandlung,  |c 1922. 
300 |a xiv, 196 pages :  |b illustrations ;  |c 30 cm. 
336 |a text  |b txt  |2 rdacontent 
337 |a unmediated  |b n  |2 rdamedia 
338 |a volume  |b nc  |2 rdacarrier 
490 1 |a Abhandlungen der Heidelberger Akademie der Wissenschaften. Philosophisch-historische Klasse ;  |v 6. abhandlung 
504 |a Bibliography: pages xi-xiv. 
651 0 |a Egypt  |x Civilization. 
651 0 |a Egypt  |x Social life and customs. 
651 0 |a Egypt  |x Antiquities. 
650 0 |a Art, Egyptian. 
830 0 |a Abhandlungen der Heidelberger Akademie der Wissenschaften, Philosophisch-Historische Klasse ;  |v 6. abhandlung. 
999 |a MARS 
999 f f |s d11d6b77-f670-3df1-b57e-bd5377367128  |i 560ed954-a8c2-30ee-8f26-3f88d481e4e3  |t 0 
952 f f |p normal  |a Texas A&M University  |b College Station  |c Sterling C. Evans Library  |d Evans: Library Stacks  |t 0  |e AS182.H435 1922, Abh.6  |h Library of Congress classification  |i unmediated -- volume  |m A14811677435 
998 f f |a AS182.H435 1922, Abh.6  |t 0  |l Evans: Library Stacks